| Tag |
First Indicator |
Second Indicator |
Subfields |
| LEADER |
00000cam a2200000 i 4500 |
| 001 |
in00003538117 |
| 005 |
20210430153641.0 |
| 006 |
m o d f |
| 007 |
cr ||||||||||| |
| 008 |
150512s2013 dcu oz f000 0 eng c |
| 035 |
|
|
|a (OCoLC)ocn908768071
|
| 042 |
|
|
|a pcc
|
| 043 |
|
|
|a n-us---
|a a-ja---
|
| 040 |
|
|
|a GPO
|b eng
|e rda
|e pn
|c GPO
|d MvI
|
| 049 |
|
|
|a WWW
|
| 074 |
|
|
|a 0899-A-01 (online)
|
| 086 |
0 |
|
|a S 9.10:13-528
|
| 130 |
0 |
|
|a Memorandum of Understanding between the Department of Defense of the United States of America and the Competent Authorities of the Government of Japan and the Japan Aerospace Exploration Agency Concerning the Sharing of Situational Awareness Services and Information of the Department of Defense of the United States of America for the Safety of Space
|d (2013 May 28)
|
| 245 |
1 |
0 |
|a Space cooperation :
|b Space Situational Awareness services and information : agreement between the United States of America and Japan, effected by exchange of notes at Tokyo, May 28, 2013, with memorandum of understanding.
|
| 246 |
3 |
0 |
|a Agreement between the United States of America and Japan, effected by exchange of notes at Washington, October 8, 2013, with memorandum of understanding
|
| 264 |
|
1 |
|a [Washington, D.C.] :
|b United States Department of State,
|c [2013?]
|
| 300 |
|
|
|a 1 online resource (26 unnumbered pages).
|
| 336 |
|
|
|a text
|b txt
|2 rdacontent
|
| 337 |
|
|
|a computer
|b c
|2 rdamedia
|
| 338 |
|
|
|a online resource
|b cr
|2 rdacarrier
|
| 490 |
1 |
|
|a Treaties and other international acts series ;
|v 13-1008
|
| 500 |
|
|
|a Title from title screen (viewed on May 12, 2015).
|
| 500 |
|
|
|a "This MOU will supersede, in its entirety, the ASTRO-H Interim Agreement established between the Parties on December 11, 2008, as amended"--P. [14].
|
| 650 |
|
0 |
|a Artificial satellites
|x Tracking
|x International cooperation.
|
| 650 |
|
0 |
|a Space flight
|x Safety measures
|x International cooperation.
|
| 650 |
|
0 |
|a Space vehicle accidents
|x Prevention
|x International cooperation.
|
| 651 |
|
0 |
|a Outer space
|x Exploration
|x Safety measures
|x International cooperation.
|
| 655 |
|
7 |
|a Treaties.
|2 lcgft
|
| 710 |
1 |
|
|a United States.
|b Department of State,
|e issuing body.
|
| 710 |
1 |
|
|a Japan,
|e enacting jurisdiction.
|
| 710 |
1 |
|
|a United States,
|e enacting jurisdiction.
|
| 830 |
|
0 |
|a Treaties and other international acts series ;
|v 13-1008.
|
| 856 |
4 |
0 |
|u https://purl.fdlp.gov/GPO/gpo57284
|t 0
|
| 856 |
4 |
0 |
|u http://purl.fdlp.gov/GPO/gpo57284
|t 0
|
| 999 |
f |
f |
|s 074ae2db-193b-3b1c-be2d-a49d0a441f5b
|i 74b62bcc-36ff-3723-b473-b5baf5b68f5b
|t 0
|
| 952 |
f |
f |
|a Texas A&M University
|b College Station
|c Electronic Resources
|d Available Online
|t 0
|e S 9.10:13-528
|h Superintendent of Documents classification
|
| 998 |
f |
f |
|a S 9.10:13-528
|t 0
|l Available Online
|